| 000 | 00589nam a2200205Ia 4500 | ||
|---|---|---|---|
| 003 | OSt | ||
| 005 | 20220926045534.0 | ||
| 006 | a|||||r|||| 00| 0 | ||
| 007 | ta | ||
| 008 | 220923b |||||||| |||| 00| 0 eng d | ||
| 037 | _cGeneral Book | ||
| 040 |
_aRTL _cRTL _beng |
||
| 041 |
_2eng _aeng |
||
| 082 | _aX: 545.2s P02 - P01, P2.1 | ||
| 245 | 0 | _aMonthly Statistics of foreign trade of India, Export and Re-export. Vol.1.1 2001-2002 | |
| 260 | _c2002 | ||
| 300 |
_a1133p. _ccm. |
||
| 942 |
_hX: 545.2s P02 - P01, P2.1 _cGB _2CC |
||
| 999 |
_c677889 _d677889 |
||